Govt. of
Madhya Pradesh

UPSC Indian Economic/Statistical Services Exam (Record no. 32855)

MARC details
000 -LEADER
fixed length control field 003400000a22001450004500
003 - CONTROL NUMBER IDENTIFIER
control field MACL
040 ## - CATALOGING SOURCE
Original cataloging agency MACL
090 ## - LOCALLY ASSIGNED LC-TYPE CALL NUMBER (OCLC); LOCAL CALL NUMBER (RLIN)
-- 33203
-- 33201
100 ## - MAIN ENTRY--PERSONAL NAME
Personal name Bright, P S
245 ## - TITLE STATEMENT
Title UPSC Indian Economic/Statistical Services Exam
260 ## - PUBLICATION, DISTRIBUTION, ETC. (IMPRINT)
Name of publisher, distributor, etc. Bright Careers Institute
Date of publication, distribution, etc. 2003
350 ## - PRICE (NR) (BK AM CF MU VM SE) [OBSOLETE]
Price 175
650 ## - SUBJECT ADDED ENTRY--TOPICAL TERM
Topical term or geographic name as entry element Economics
942 ## - ADDED ENTRY ELEMENTS (KOHA)
Koha item type Library Membar
Call number prefix 330.095/BRI
Holdings
Withdrawn status Lost status Damaged status Not for loan Home library Current library Date acquired Total Checkouts Full call number Barcode Date last seen Uniform Resource Identifier Price effective from Koha item type
        MACL MACL 15/04/2015   330.095/BRI BOOK CLC4160 29/04/2015 32912 15/04/2015 Books